Statistics for Maya Hawke - By Myself (Lyrics)

Click here to take the quiz!

General Stats

  • This quiz has been taken 5 times
  • The average score is 104 of 144

Answer Stats

Answer% Correct
a
100%
And
100%
and
100%
can
100%
I
100%
in
100%
me
100%
me,
100%
my
100%
myself
100%
of
100%
On
100%
So
100%
to
100%
To
100%
abuse
75%
anything
75%
around
75%
balcony
75%
beating
75%
before
75%
Before
75%
But
75%
chance
75%
do
75%
don't
75%
dreaming
75%
dreams
75%
ever
75%
have
75%
honey
75%
I'll
75%
I'm
75%
move
75%
or
75%
out
75%
out,
75%
please
75%
prefer
75%
ran
75%
said
75%
see
75%
talk
75%
talking
75%
tell
75%
the
75%
truth
75%
up
75%
you
75%
you'd
75%
all
50%
always
50%
At
50%
bed
50%
black
50%
blue
50%
break
50%
bruise
50%
Caliban
50%
choose
50%
confuse
50%
couldn't
50%
dead
50%
Doing
50%
for
50%
forget
50%
hive
50%
is
50%
least
50%
Losing
50%
memory
50%
mind
50%
mine
50%
play
50%
pulled
50%
spine
50%
standing
50%
talked
50%
turn
50%
Turn
50%
what
50%
wind
50%
with
50%
Woe
50%
your
50%
bang
25%
big
25%
buzzed
25%
feed
25%
head
25%
line
25%
mouth
25%
playing
25%
rings
25%
sturdy
25%
That
25%
that
25%

Score Distribution

Percentile by Number Answered

Percent of People with Each Score

Your Score History

You have not taken this quiz